Catálogo
 En Linea

Encuesta nacional de hogares de propósitos múltiples ENHOGAR 2011 : (Registro nro. 49166)

Detalles MARC
000 -CABECERA
campo de control de longitud fija 02011nam a2200337 i 4500
001 - NÚMERO DE CONTROL
campo de control 000045768
003 - IDENTIFICADOR DEL NÚMERO DE CONTROL
campo de control DO-SdBNP
005 - FECHA Y HORA DE LA ÚLTIMA TRANSACCIÓN
campo de control 20260317143036.0
007 - CAMPO FIJO DE DESCRIPCIÓN FÍSICA--INFORMACIÓN GENERAL
campo de control de longitud fija ta
008 - DATOS DE LONGITUD FIJA--INFORMACIÓN GENERAL
campo de control de longitud fija 150511s2012 dr 000 0 spa d
040 ## - FUENTE DE LA CATALOGACIÓN
Centro catalogador/agencia de origen DO-SdBNP
Lengua de catalogación spa
Centro/agencia transcriptor BNPHU
Normas de descripción rda
041 ## - CÓDIGO DE LENGUA
Código de lengua del texto/banda sonora o título independiente spa
082 #4 - NÚMERO DE LA CLASIFICACIÓN DECIMAL DEWEY
Número de clasificación 317.293
Número de documento/Ítem R426e 2011
Número de edición 22
110 1# - ENTRADA PRINCIPAL--NOMBRE DE ENTIDAD CORPORATIVA
Nombre de entidad corporativa o nombre de jurisdicción como elemento de entrada República Dominicana.
Unidad subordinada Oficina Nacional de Estadística
9 (RLIN) 5775
245 10 - MENCIÓN DE TÍTULO
Título Encuesta nacional de hogares de propósitos múltiples ENHOGAR 2011 :
Resto del título informe general /
264 #1 - PRODUCCIÓN, PUBLICACIÓN, DISTRIBUCIÓN, FABRICACIÓN Y COPYRIGHT
Producción, publicación, distribución, fabricación y copyright Santo Domingo :
Nombre del de productor, editor, distribuidor, fabricante ONE,
Fecha de producción, publicación, distribución, fabricación o copyright 2012.
300 ## - DESCRIPCIÓN FÍSICA
Extensión (48) 299 páginas :
Dimensiones 28 cm.
336 ## - TIPO DE CONTENIDO
Término de tipo de contenido texto
Código de tipo de contenido txt
Fuente rdacontent
337 ## - TIPO DE MEDIO
Nombre/término del tipo de medio sin mediación
Código del tipo de medio n
Fuente rdamedia
338 ## - TIPO DE SOPORTE
Nombre/término del tipo de soporte volumen
Código del tipo de soporte nc
Fuente rdacarrier
500 ## - NOTA GENERAL
Nota general Acceso de los hogares a la tecnología de la información y comunicación, seguridad ciudadana, producción agropecuaria, migración y remesas
505 2# - NOTA DE CONTENIDO CON FORMATO
Nota de contenido con formato Índice general --
Título Introducción --
-- Aspectos metodológicos --
-- Características de la vivienda --
-- Características de los hogares --
-- Características básicas de la población --
-- Fuerza de trabajo, empleo y desempleo --
-- La migración internacional --
-- Las remesas internacionales --
-- Producción agropecuaria --
-- El acceso a las tecnologías de información y comunicación --
-- Seguridad ciudadana o victimización --
-- Anexo I. informe de las muestras --
-- Anexo II. Errores de muestreo --
-- Anexo III. Agrupaciones por productos --
-- Anexo IV. Lista personal de la encuesta --
-- Anexo V. Cuestionario.
590 ## - NOTA LOCAL (RLIN)
Nota local Inventariado,2020/ YL
650 #4 - PUNTO DE ACCESO ADICIONAL DE MATERIA--TÉRMINO DE MATERIA
Término de materia o nombre geográfico como elemento de entrada Encuestas de viviendas
Subdivisión general Estadísticas
Subdivisión cronológica 2011
Subdivisión geográfica República Dominicana
9 (RLIN) 73842
650 #7 - PUNTO DE ACCESO ADICIONAL DE MATERIA--TÉRMINO DE MATERIA
Término de materia o nombre geográfico como elemento de entrada Mercado de trabajo
Subdivisión cronológica 2011
Subdivisión general Estadísticas
Subdivisión geográfica República Dominicana
Fuente del encabezamiento o término LIBRUNAM
9 (RLIN) 19058
651 #4 - PUNTO DE ACCESO ADICIONAL DE MATERIA--NOMBRE GEOGRÁFICO
Nombre geográfico República Dominicana
Subdivisión general Política Social
Subdivisión cronológica 2011
Subdivisión de forma Estadísticas
9 (RLIN) 73844
651 #4 - PUNTO DE ACCESO ADICIONAL DE MATERIA--NOMBRE GEOGRÁFICO
Subdivisión general Población
Subdivisión cronológica 2011
Subdivisión de forma Estadísticas
Subdivisión geográfica República Dominicana
9 (RLIN) 73845
710 12 - PUNTO DE ACCESO ADICIONAL--NOMBRE DE ENTIDAD CORPORATIVA
Nombre de entidad corporativa o nombre de jurisdicción como elemento de entrada República Dominicana.
Unidad subordinada Oficina Nacional de Estadística
9 (RLIN) 5775
910 ## - DATOS DE OPCIÓN DEL USUARIO (OCLC)
Datos de opción del usuario Validado. Control de calidad MFF
942 ## - ELEMENTOS DE PUNTO DE ACCESO ADICIONAL (KOHA)
Fuente del sistema de clasificación o colocación Dewey Decimal Classification
Tipo de ítem Koha Libro
Existencias
Estado de retiro Estado de pérdida Fuente del sistema de clasificación o colocación Restricciones de uso No para préstamo Código de colección Localización permanente Ubicación/localización actual Ubicación en estantería Fecha de adquisición Fuente de adquisición Total de préstamos Signatura topográfica completa Código de barras Fecha visto por última vez Precio válido a partir de Tipo de ítem Koha
    Dewey Decimal Classification Excluido de préstamo Excluido de préstamo Patrimonio Dominicano Biblioteca Nacional Pedro Henríquez Ureña Patrimonio Dominicano Depósito 20.11.2020 Donación   BNPHU PD 317.293 R426e 2011 2020-0539 20.11.2020 20.11.2020 Libro y Folleto Colección Patrimonio Dominicano

Con tecnología Koha